[Event "Paleochora op 11th"]
[Site "Paleochora"]
[Date "2018.07.21"]
[Round "5"]
[White "Milliet, Sophie"]
[Black "Zakharov, Denis"]
[Result "1-0"]
[WhiteElo "2397"]
[BlackElo "1908"]
[PlyCount "57"]
[EventDate "2018.07.18"]
[EventType "swiss"]
[EventRounds "9"]
[EventCountry "GRE"]
[SourceTitle "CBM 186 Extra"]
[Source "ChessBase"]
[SourceDate "2018.08.24"]
[SourceVersion "1"]
[SourceVersionDate "2018.08.24"]
[SourceQuality "1"]

1. e4 d6 2. d4 Nf6 3. Nc3 g6 4. Be3 c6 5. h3 b5 6. e5 b4 7. exf6 bxc3 8. fxe7 Qxe7 9. bxc3 Bh6 10. Qd2 0-0 11. Be2 Bxe3 12. Qxe3 Qd8 13. Kd2 Re8 14. Qf4 Bf5 15. g4 Re4 16. Qh6 Bc8 17. Nf3 Qf6 18. Ng5 Qf4+ 19. Kd1 Rxe2 20. Kxe2 Ba6+ 21. Kd1 Qf6 22. Qxh7+ Kf8 23. Qh6+ Kg8 24. Re1 Nd7 25. Re7 Bc4 26. Rxd7 Re8 27. Rb1 c5 28. Rbb7 Be2+ 29. Kc1 1-0

[Event "World Amateur-ch U2000"]
[Site "Cagliari"]
[Date "2018.04.22"]
[Round "1"]
[White "Alem, Ali Hussien"]
[Black "Zakharov, Denis"]
[Result "0-1"]
[WhiteElo "1745"]
[BlackElo "1898"]
[PlyCount "94"]
[EventDate "2018.04.22"]
[EventType "swiss"]
[EventRounds "9"]
[EventCountry "ITA"]
[SourceTitle "CBM 184 Extra"]
[Source "ChessBase"]
[SourceDate "2018.06.28"]
[SourceVersion "1"]
[SourceVersionDate "2018.06.28"]
[SourceQuality "1"]

1. Nf3 Nf6 2. g3 g6 3. Bg2 Bg7 4. 0-0 0-0 5. d3 d6 6. e4 Nbd7 7. Nbd2 c6 8. Re1 e5 9. Nc4 Nc5 10. b4 Ne6 11. Rb1 Ne8 12. Nh4 Nf4 13. c3 Nxg2 14. Nxg2 f5 15. b5 Be6 16. bxc6 bxc6 17. Qa4 Qf6 18. f4 fxe4 19. dxe4 exf4 20. Bxf4 Qxc3 21. Rbc1 Qd4+ 22. Kh1 Rc8 23. Qd1 Qxd1 24. Rexd1 d5 25. Na5 Bg4 26. Nxc6 Rxc6 27. Rxc6 Bxd1 28. exd5 g5 29. d6 gxf4 30. d7 fxg3 31. dxe8Q Rxe8 32. hxg3 Bf3 33. Ra6 Re1+ 34. Kh2 Re2 35. Rxa7 Bxg2 36. a4 Bd4 37. Rc7 Bc6+ 38. Kh3 Bxa4 39. g4 Re3+ 40. Kg2 Be5 41. Rc4 Bd1 42. Kf2 Ra3 43. g5 Kg7 44. Re4 Bg3+ 45. Kg1 Bf3 46. Re7+ Kg6 47. Re6+ Kxg5 0-1

[Event "Sochi ChessAmateur op"]
[Site "Sochi"]
[Date "2018.04.07"]
[Round "9"]
[White "Zakharov, Denis"]
[Black "Takhirov, Viktor"]
[Result "0-1"]
[WhiteElo "1898"]
[BlackElo "2096"]
[PlyCount "87"]
[EventDate "2018.04.01"]
[EventType "swiss"]
[EventRounds "9"]
[EventCountry "RUS"]
[SourceTitle "CBM 184 Extra"]
[Source "ChessBase"]
[SourceDate "2018.06.28"]
[SourceVersion "1"]
[SourceVersionDate "2018.06.28"]
[SourceQuality "1"]

1. Nf3 Nf6 2. g3 c6 3. Bg2 d6 4. 0-0 g6 5. d3 Bg7 6. e4 Bg4 7. Nbd2 Qc8 8. Re1 0-0 9. a4 Re8 10. Nc4 Bh3 11. Bh1 h6 12. a5 Kh7 13. e5 dxe5 14. Nfxe5 Rf8 15. Bd2 Na6 16. Qf3 Be6 17. Ne3 Qc7 18. N5c4 Nd5 19. Qe2 Rad8 20. h4 h5 21. Be4 f5 22. Bf3 Bf7 23. Ng2 e5 24. Nxe5 Rfe8 25. d4 c5 26. c3 cxd4 27. cxd4 Ndb4 28. Rec1 Nc2 29. Bg5 Nxd4 30. Rxc7 Nxe2+ 31. Bxe2 Nxc7 32. Nxf7 Rd7 33. Bc4 Re4 34. Ba2 Ra4 35. Nd8 Kh8 36. Nxb7 Na6 37. Nd8 Bxb2 38. Re1 Rxa2 39. Re6 Nc5 40. Rxg6 Ne4 41. Nf4 Nxf2 42. Rh6+ Kg8 43. Nde6 Ng4 44. Rxh5 0-1

[Event "Sochi ChessAmateur op"]
[Site "Sochi"]
[Date "2018.04.05"]
[Round "7"]
[White "Zakharov, Denis"]
[Black "Nikolaev, Ilya"]
[Result "1/2-1/2"]
[WhiteElo "1898"]
[BlackElo "2092"]
[PlyCount "81"]
[EventDate "2018.04.01"]
[EventType "swiss"]
[EventRounds "9"]
[EventCountry "RUS"]
[SourceTitle "CBM 184 Extra"]
[Source "ChessBase"]
[SourceDate "2018.06.28"]
[SourceVersion "1"]
[SourceVersionDate "2018.06.28"]
[SourceQuality "1"]

1. e4 c5 2. Nf3 Nc6 3. g3 g6 4. Bg2 Bg7 5. 0-0 Nf6 6. d3 d5 7. Nbd2 0-0 8. a4 b6 9. Re1 e6 10. Qe2 Ba6 11. Qd1 Qc7 12. exd5 Nxd5 13. Nc4 Rad8 14. Qe2 h6 15. Nfe5 Bb7 16. Nxc6 Bxc6 17. Ne5 Bb7 18. c3 Nf6 19. h3 Bxg2 20. Kxg2 Qb7+ 21. Kg1 Nd7 22. Qf3 Qxf3 23. Nxf3 Nb8 24. Rd1 Nc6 25. Be3 Rd7 26. Kf1 Rfd8 27. Ke2 Kf8 28. a5 Ne7 29. axb6 axb6 30. Ra6 Nd5 31. Bc1 c4 32. d4 Rc8 33. Bd2 Ke8 34. Nh2 f5 35. Nf1 Kd8 36. Ne3 Rc6 37. Ra8+ Ke7 38. Rda1 Nc7 39. R8a7 Nb5 40. Rxd7+ Kxd7 41. Ra4 1/2-1/2

[Event "Sochi ChessAmateur op"]
[Site "Sochi"]
[Date "2018.04.01"]
[Round "1"]
[White "Klepikov, Nikita"]
[Black "Zakharov, Denis"]
[Result "1-0"]
[WhiteElo "2244"]
[BlackElo "1898"]
[PlyCount "39"]
[EventDate "2018.04.01"]
[EventType "swiss"]
[EventRounds "9"]
[EventCountry "RUS"]
[SourceTitle "CBM 184 Extra"]
[Source "ChessBase"]
[SourceDate "2018.06.28"]
[SourceVersion "1"]
[SourceVersionDate "2018.06.28"]
[SourceQuality "1"]

1. e4 d6 2. d4 Nf6 3. Nc3 g6 4. Be2 Bg7 5. h4 h5 6. Nf3 Nbd7 7. Ng5 c5 8. e5 cxd4 9. exf6 Bxf6 10. Nce4 Bg7 11. 0-0 0-0 12. Bxh5 d5 13. Bxg6 dxe4 14. Qh5 Nf6 15. Bxf7+ Rxf7 16. Qxf7+ Kh8 17. Qg6 Qd5 18. h5 Bf5 19. Nf7+ Kg8 20. Nh6+ 1-0

[Event "Zhukovsky Winter op"]
[Site "Zhukovsky"]
[Date "2014.??.??"]
[Round "8"]
[White "Domnin, Vladimir"]
[Black "Zakharov, Denis"]
[Result "0-1"]
[WhiteElo "1885"]
[BlackElo "1689"]
[PlyCount "58"]
[EventDate "2014.11.22"]
[EventType "swiss"]
[EventRounds "9"]
[EventCountry "RUS"]
[SourceTitle "EXT 2016"]
[Source "ChessBase"]
[SourceDate "2015.10.08"]
[SourceVersion "1"]
[SourceVersionDate "2015.10.08"]
[SourceQuality "1"]

1. d4 Nf6 2. c4 g6 3. Nc3 Bg7 4. e4 d6 5. Bd3 0-0 6. Nge2 Nbd7 7. 0-0 e5 8. d5 Nc5 9. Bc2 a5 10. Be3 h6 11. f3 Bd7 12. Qd2 Kh7 13. a3 a4 14. Qd1 Nh5 15. Bxc5 dxc5 16. Nxa4 Qg5 17. f4 exf4 18. Nxc5 Bh3 19. Rf2 f3 20. Ng3 Nxg3 21. hxg3 Bxg2 22. Rxg2 fxg2 23. Kxg2 Bxb2 24. Rb1 Be5 25. g4 Rxa3 26. Nd3 b6 27. Bb3 Bd4 28. Qf3 Qd2+ 29. Kh3 Qc3 0-1

[Event "Zhukovsky op"]
[Site "Zhukovsky"]
[Date "2014.??.??"]
[Round "7"]
[White "Golyshikhin, Sergey"]
[Black "Zakharov, Denis"]
[Result "0-1"]
[WhiteElo "1838"]
[BlackElo "1708"]
[PlyCount "46"]
[EventDate "2014.08.08"]
[EventType "swiss"]
[EventRounds "9"]
[EventCountry "RUS"]
[SourceTitle "CBM 162 Extra"]
[Source "ChessBase"]
[SourceDate "2014.10.17"]
[SourceVersion "1"]
[SourceVersionDate "2014.10.17"]
[SourceQuality "1"]

1. c4 Nf6 2. Nc3 g6 3. e3 Bg7 4. g3 0-0 5. Bg2 e5 6. Nge2 Re8 7. d4 d6 8. 0-0 e4 9. Rb1 Bf5 10. b4 Qd7 11. Re1 a6 12. a4 Bh3 13. Bh1 Qf5 14. Nf4 Bg4 15. f3 exf3 16. Bxf3 Bxf3 17. Qxf3 Nc6 18. e4 Nxd4 19. Qd3 Qe5 20. Bb2 c5 21. bxc5 dxc5 22. Ncd5 Nxe4 23. Ba1 b5 0-1

[Event "Zhukovsky op"]
[Site "Zhukovsky"]
[Date "2014.??.??"]
[Round "9"]
[White "Ibragimov, Ali"]
[Black "Zakharov, Denis"]
[Result "1-0"]
[WhiteElo "2064"]
[BlackElo "1708"]
[PlyCount "71"]
[EventDate "2014.08.08"]
[EventType "swiss"]
[EventRounds "9"]
[EventCountry "RUS"]
[SourceTitle "CBM 162 Extra"]
[Source "ChessBase"]
[SourceDate "2014.10.17"]
[SourceVersion "1"]
[SourceVersionDate "2014.10.17"]
[SourceQuality "1"]

1. d4 Nf6 2. Nf3 g6 3. c4 Bg7 4. Nc3 d6 5. e4 0-0 6. Be2 Nbd7 7. 0-0 e5 8. dxe5 dxe5 9. Qc2 c6 10. Be3 h6 11. Rad1 Qc7 12. h3 Re8 13. b3 b6 14. Qd2 Kh7 15. Ne1 Nf8 16. c5 b5 17. f4 exf4 18. Bxf4 Qb7 19. e5 N6d7 20. Ne4 Re7 21. Nd6 Qa6 22. Nf3 Nxe5 23. Nxe5 Bxe5 24. Bxe5 Be6 25. Ne4 Nd7 26. Nf6+ Nxf6 27. Bxf6 Rd7 28. Qe3 Rxd1 29. Rxd1 Qxa2 30. Rd4 Qb1+ 31. Kh2 Qf5 32. Rf4 Qd5 33. Bf3 Qd7 34. Rd4 Qc7+ 35. g3 a5 36. Qxh6+ 1-0

[Event "Zhukovsky Winter op"]
[Site "Zhukovsky"]
[Date "2014.??.??"]
[Round "1"]
[White "Zakharov, Denis"]
[Black "Groisman, Anatoliy"]
[Result "1-0"]
[WhiteElo "1689"]
[BlackElo "1972"]
[PlyCount "117"]
[EventDate "2014.11.22"]
[EventType "swiss"]
[EventRounds "9"]
[EventCountry "RUS"]
[SourceTitle "EXT 2016"]
[Source "ChessBase"]
[SourceDate "2015.10.08"]
[SourceVersion "1"]
[SourceVersionDate "2015.10.08"]
[SourceQuality "1"]

1. Nf3 c5 2. g3 b6 3. Bg2 Bb7 4. 0-0 g6 5. d3 Bg7 6. e4 d6 7. Nbd2 Nf6 8. Re1 0-0 9. e5 dxe5 10. Nxe5 Bxg2 11. Kxg2 Nfd7 12. Qf3 Nxe5 13. Qxa8 Qd7 14. Qe4 Nbc6 15. Nc4 f5 16. Nxe5 Nxe5 17. Qe2 Qd5+ 18. f3 Nc6 19. Qe6+ Qxe6 20. Rxe6 Nd4 21. Rxe7 Nxc2 22. Rb1 Rd8 23. Bg5 Rxd3 24. Rxa7 h6 25. Ra8+ Kh7 26. Bd8 b5 27. Bb6 Rd2+ 28. Kh1 Nd4 29. Rf1 Ne6 30. Re8 Rd6 31. Ba7 Rd7 32. Bb8 Ng5 33. Be5 Bxe5 34. Rxe5 Rd2 35. Rxc5 Rxb2 36. Rc7+ Kg8 37. Rd1 Ne6 38. Rc8+ Kf7 39. Rd7+ Kf6 40. Rb8 Rxa2 41. Rxb5 Ra1+ 42. Kg2 Ra2+ 43. Kg1 Ra1+ 44. Kf2 Ra2+ 45. Ke3 Rxh2 46. Rbb7 Ra2 47. f4 Ra3+ 48. Kf2 g5 49. Rb6 Ra4 50. Rh7 Ra2+ 51. Ke1 Ra1+ 52. Kd2 Ra2+ 53. Kc3 gxf4 54. gxf4 Re2 55. Rxh6+ Ke7 56. Rb7+ Kd6 57. Rb5 Re4 58. Rxf5 Kd7 59. Re5 1-0